000 00572cam a2200205 4500500
005 20260329004103.0
041 _afre
042 _adc
100 1 0 _aNicolas, Ariane
_eauthor
245 0 0 _aJe nais, donc je pense
260 _c2018.
500 _a1
690 _aBébé
690 _aEnfance
690 _aLogos
690 _aRaison
690 _aSteven Pinker
786 0 _nPhilosophie magazine | 119 | 5 | 2018-05-01 | p. 17-17 | 1951-1787
856 4 1 _uhttps://shs.cairn.info/magazine-philosophie-magazine-2018-5-page-17?lang=fr&redirect-ssocas=7080
999 _c1830550
_d1830550